00471nam a22001697a 450000500170000000800410001702000180005804000070007604100120008308200200009510000280011524500340014326000440017730000260022136500280024765000260027520250220112309.0250220b ||||| |||| 00| 0 eng d a9788198525468 cAL aEnglish 223a398.6bDSOT aMelisha Sandriya Dsouza aTwisted Logic Riddle Round Up aMangalurubSt Aloysius Prakashanac2025 a112 p.bPBc14x11 cm. b₹75.00c₹d₹75.00 aCollection of Riddles